00730nam a2200253 a 45000010010000000030011000100080041000210200015000620350026000770920015001031000020001182450054001382500016001922600042002083000015002505000017002656500018002828560030003009420012003309520091003429900006004339980020004399990017004590001-1129ELIB.Books150504 2010 eng  a0192830574 a(ELIB.Books)0001-1284 a226.6bNei aNeill, Stephen. aThe Interpretation of the New Testament 1861-1986 aNew Edition aOxfordbOxford University Pressc1963 a462c20 Cm aC/o Moe Lwei aNew Testament nKBTS: LibraryuKBTS: Elib 2ddccBK 00102ddc4070aKBTSbKBTSd2015-05-04l0p15359r2022-01-22 00:00:00w2022-01-22yBK a1 cbate2015-05-04 c11129d11129